| 000 | 00720nam a2200265Ia 4500 | ||
|---|---|---|---|
| 003 | OSt | ||
| 005 | 20250707165459.0 | ||
| 008 | 210210b1989 xxu||||| |||| 00| 0 eng d | ||
| 040 | _cAL | ||
| 041 | _aKannada | ||
| 082 | _a909K FALP | ||
| 100 |
_aFALAKSHA _9144766 |
||
| 110 |
_aಫಾಲಾಕ್ಷ _9211108 |
||
| 245 |
_aPrapanchada itihasa parichaya _b: ಪ್ರಪಂಚದ ಇತಿಹಾಸ ಪರಿಚಯ |
||
| 260 |
_aTipaturu _bShashi Prakashana _c1989 |
||
| 300 | _a279p. | ||
| 650 |
_aPUC _9144767 |
||
| 650 |
_aPrapanchada _9144768 |
||
| 650 |
_aparichaya _9144769 |
||
| 650 |
_aitihasa _9144770 |
||
| 650 |
_aI _9144771 |
||
| 690 |
_aWorld History _9144772 |
||
| 906 | _a042956 | ||
| 942 |
_2ddc _cBK |
||
| 999 |
_c92592 _d92592 |
||